00498cam a2200157u 450000100100000000500170001000800410002704000250006808200150009310000220010824500570013026000470018730000240023465000370025870000450029500000113420200929145502.0810316s1934 sp a 000 0 spa  aDO-SdBNPbspacBNPHU ann.bW426a1 aWeisbach, Werner.10aArte barroco en Italia, Francia, Alemania y Espana,. aBarcelona [etc.] :bLabor, s. a.,c[1934]. av. :bil. ;c28 cm. 0aArt, baroque. [from old catalog]1 aIglesias, Ramon, [from old catalog]etr.